Normal view
MARC view
Entry Topical Term
001 - CONTROL NUMBER
- control field: 18593
003 - CONTROL NUMBER IDENTIFIER
- control field: dpl
005 - DATE AND TIME OF LATEST TRANSACTION
- control field: 20100906144054.0
008 - FIXED-LENGTH DATA ELEMENTS
- fixed length control field: 100906|||a|||||| | ||| d
040 ## - CATALOGING SOURCE
- Original cataloging agency: dpl
- Transcribing agency: dpl
150 ## - HEADING--TOPICAL TERM
- Topical term or geographic name as entry element: कविताएँ
670 ## - SOURCE DATA FOUND
- Source citation: Work cat.: (dpl)29986: अग्रवाल, घमंडीलाल 18592, हैलो पापा /, 2009
670 ## - SOURCE DATA FOUND
- Source citation: Work cat.: (dpl)29986: अग्रवाल, घमंडीलाल 18592, हैलो पापा /, 2009
